000 00557nam a2200193Ia 4500
005 20250508163405.0
008 008 250505s9999 xx 000 0 eng d
037 _aTextual
040 _aFEDL
_beng
_cFEDL
041 _aeng
_2eng
084 _a780, CEN
_qFEDL
245 0 _aMusic in the schools of wales
245 0 _cMinistry of Education
260 _aLondon, UK
_bHer Majesty's Stationery Office
_c1953
300 _a53p.
490 _aCentral Advisory Council for Education
942 _cTEXL
_h780, CEN
999 _c1382770
_d1382770